Countries Most Similar To Greece - Statistics

General Stats
  • This quiz has been taken 412 times
  • The average score is 14 of 20
Answer Stats
Rank Country Score % Correct
2 Italy 77.2
96%
1 Cyprus 80.9
92%
4 Spain 76.4
92%
12 Albania 69.9
87%
3 Portugal 77
84%
7 Bulgaria 73.4
82%
11 Serbia 70.4
81%
15 France 68.9
76%
5 Croatia 73.6
75%
10 North Macedonia 70.5
74%
9 Romania 71.3
74%
20 Bosnia and Herzegovina 67
58%
16 Germany 68.3
56%
8 Slovenia 72.7
56%
6 Montenegro 73.5
55%
14 Slovakia 69
48%
18 Hungary 67.9
47%
13 Austria 69.3
44%
17 Poland 68
43%
19 Czechia 67.6
37%
No matching quizzes found
Score Distribution
Percent of People with Each Score
Percentile by Number Answered
Your Score History
You have not taken this quiz